One Piece : les fourreaux rouges - Statistiques

Statistiques générales
  • Ce quiz a été pris 79 fois
  • Le résultat moyen est 8 sur 9
Statistiques - réponses
Personnage % Correct
Kinemon
98%
Kanjuro
88%
Ashura Doji
86%
Denjiro
85%
Kawamatsu
83%
O-Kiku
83%
Inuarashi
81%
Nekomamushi
80%
Raizo
78%
Aucun quiz correspondant
Distribution des résultats
% des personnes avec chaque résultat
Percentile par nombre de réponses
Votre historique - résultats
Vous n’avez pas pris ce quiz